Statistics for Capital cities that contain 'city' or 'town'

Click here to take the quiz!

General Stats

  • This quiz has been taken 856 times
    (854 since last reset)
  • The average score is 7 of 18

Answer Stats

Country/regionCapital% Correct
Country 'city' capitalsMexico City
82%
Country 'city' capitalsPanama City
67%
Country 'city' capitalsNational capital cities containing 'City'Guatemala City
64%
Country 'town' capitalsSouth AfricaCape Town
50%
Country 'city' capitalsVatican City
45%
Country 'town' capitalsSierra LeoneFreetown
44%
Country 'town' capitalsGuyanaGeorgetown
44%
Country 'city' capitalsKuwait City
44%
US State 'city' capitalsOklahomaOklahoma City
40%
US State 'city' capitalsUtahSalt Lake City
40%
Country 'town' capitalsBarbadosBridgetown
36%
US State 'city' capitalsNevadaCarson City
30%
Country 'town' capitalsSaint Vincent and the GrenadinesKingstown
30%
US State 'city' capitalsMissouriJefferson City
24%
Territory 'town' capitalsSaint HelenaJamestown
10%
Territory 'town' capitalsPitcairn IslandsAdamstown
7%
Territory 'town' capitalsBritish Virgin IslandsRoad Town
6%
Territory 'town' capitalsTurks and Caicos IslandsCockburn Town
4%

Score Distribution

Percentile by Number Answered

Percent of People with Each Score

Your Score History

You have not taken this quiz since the last reset